000 02311nam a2200421 a 4500
001 ebr10517068
003 CaPaEBR
006 m u
007 cr cn|||||||||
008 090409s2010 nyua sb 000 0 eng d
010 _z 2009015247
020 _z9781433105005 (hardcover alk. paper)
020 _z9781453904176 (e-book)
040 _aCaPaEBR
_cCaPaEBR
035 _a(OCoLC)769192145
043 _ae-ie---
050 1 4 _aDA962
_b.K45 2010eb
082 0 4 _a941.5082/1
_222
100 1 _aKennedy, Christopher M.,
_cPh. D.
245 1 0 _aGenesis of the Rising, 1912-1916
_h[electronic resource] :
_ba transformation of nationalist opinion /
_cChristopher M. Kennedy.
260 _aNew York :
_bP. Lang,
_cc2010.
300 _ax, 315 p. :
_bill.
490 1 _aIrish studies,
_x1043-5743 ;
_vv. 10
504 _aIncludes bibliographical references (p. [303]-315).
505 0 _aIntroduction: The nature of public opinion, some preliminary definitions and problems -- The Irish Party and its pubic perception -- Home rule and public opinion -- The Ulster question, partition, and public opinion -- Volunteers, north and south -- The coming of the Great War and public opinion -- Changes of fortune -- Recruiting and the war -- Changes of opinion : contributing factors -- Interpreting opinion : private sentiment -- Influencing opinion : the press -- Ascertaining opinion : Dublin Castle and government intelligence -- The Easter Rising : a turning-of-the-tide? -- Epilogue: On traditions and opinions.
533 _aElectronic reproduction.
_bPalo Alto, Calif. :
_cebrary,
_d2013.
_nAvailable via World Wide Web.
_nAccess may be limited to ebrary affiliated libraries.
650 0 _aIrish question.
650 0 _aNationalism
_zIreland
_xHistory
_y20th century.
650 0 _aPublic opinion
_zIreland
_xHistory
_y20th century.
651 0 _aIreland
_xHistory
_yEaster Rising, 1916.
651 0 _aIreland
_xHistory
_yEaster Rising, 1916
_xCauses.
651 0 _aIreland
_xHistory
_y1910-1921.
651 0 _aIreland
_xPolitics and government
_y1910-1921.
655 7 _aElectronic books.
_2local
710 2 _aebrary, Inc.
830 0 _aIrish studies ;
_vv. 10.
856 4 0 _uhttp://site.ebrary.com/lib/rucke/Doc?id=10517068
_zAn electronic book accessible through the World Wide Web; click to view
999 _c224849
_d224849